[Event "Titled Tuesday intern op 02nd Jan Early"]
[Site "Chess.com INT"]
[Date "2024.01.02"]
[Round "9"]
[White "Agibileg, Uurtsaikh"]
[Black "Postnikov, Daniil"]
[Result "0-1"]
[WhiteElo "2445"]
[BlackElo "2360"]
[PlyCount "86"]
[EventDate "2024.01.02"]
[EventType "swiss (blitz)"]
[EventRounds "11"]
[EventCountry "USA"]
[SourceTitle "EXT 2025"]
[Source "ChessBase"]
[SourceDate "2024.10.14"]
[SourceVersion "1"]
[SourceVersionDate "2024.10.14"]
[SourceQuality "1"]

1. d4 Nf6 2. c4 c5 3. d5 b5 4. cxb5 a6 5. e3 g6 6. Nc3 Bg7 7. a4 0-0 8. e4 e6 9. Bc4 Bb7 10. Nge2 Re8 11. 0-0 axb5 12. Bxb5 exd5 13. exd5 Na6 14. Bg5 Nb4 15. Bc4 Qa5 16. d6 Ba6 17. Nb5 Bxb5 18. axb5 Qxa1 19. Qxa1 Rxa1 20. Rxa1 Ne4 21. Bf4 g5 22. Bg3 Nxg3 23. hxg3 Bxb2 24. Ra7 Re4 25. Rxd7 Rxc4 26. Rd8+ Kg7 27. d7 Bf6 28. Re8 Nd5 29. g4 Nf4 30. Ng3 h6 31. b6 Rb4 32. Nf5+ Kh7 33. Rf8 Rb1+ 34. Kh2 Ne6 35. Rxf7+ Kg6 36. Nxh6 Rxb6 37. f4 gxf4 38. g5 Bxg5 39. Rf5 Kxh6 40. Kh3 Kg6 41. Kg4 Rd6 42. Re5 Kf6 43. Rf5+ Ke7 0-1

[Event "Titled Tuesday intern op 02nd Jan Early"]
[Site "Chess.com INT"]
[Date "2024.01.02"]
[Round "11"]
[White "Postnikov, Daniil"]
[Black "Arslanov, Shamil"]
[Result "1-0"]
[WhiteElo "2360"]
[BlackElo "2410"]
[PlyCount "71"]
[EventDate "2024.01.02"]
[EventType "swiss (blitz)"]
[EventRounds "11"]
[EventCountry "USA"]
[SourceTitle "EXT 2025"]
[Source "ChessBase"]
[SourceDate "2024.10.14"]
[SourceVersion "1"]
[SourceVersionDate "2024.10.14"]
[SourceQuality "1"]

1. e4 d6 2. d4 e5 3. Nf3 Bg4 4. dxe5 Nc6 5. Nc3 Qd7 6. Be2 0-0-0 7. Bf4 Qe8 8. exd6 Bxd6 9. Bxd6 Rxd6 10. Qc1 Nf6 11. Qf4 Bxf3 12. Bxf3 Nd4 13. 0-0-0 Nd7 14. Rhe1 Ne5 15. Be2 f6 16. Qe3 c5 17. f4 Nec6 18. Bd3 Kb8 19. g3 h5 20. Qf2 Qd8 21. Nd5 Re8 22. c3 Ne6 23. Bc2 Qa5 24. Kb1 Red8 25. h4 a6 26. Qe2 Nc7 27. Nxc7 Qxc7 28. Qxh5 b5 29. Qxc5 Rd2 30. Qe3 Rh2 31. Rxd8+ Nxd8 32. Rd1 Ne6 33. a3 Nc5 34. Qd4 Rg2 35. Qe3 Ne6 36. Rd2 1-0

[Event "Titled Tuesday intern op 02nd Jan Early"]
[Site "Chess.com INT"]
[Date "2024.01.02"]
[Round "4"]
[White "Postnikov, Daniil"]
[Black "Cardozo Munar, Carlos Eduardo"]
[Result "1-0"]
[WhiteElo "2360"]
[BlackElo "2043"]
[PlyCount "83"]
[EventDate "2024.01.02"]
[EventType "swiss (blitz)"]
[EventRounds "11"]
[EventCountry "USA"]
[SourceTitle "EXT 2025"]
[Source "ChessBase"]
[SourceDate "2024.10.14"]
[SourceVersion "1"]
[SourceVersionDate "2024.10.14"]
[SourceQuality "1"]

1. e4 e6 2. d4 d5 3. e5 c5 4. c3 Nc6 5. Nf3 Qb6 6. Bd3 Bd7 7. 0-0 cxd4 8. Re1 a6 9. h4 h6 10. Nbd2 dxc3 11. bxc3 Qc7 12. c4 Nge7 13. Ba3 dxc4 14. Nxc4 Nf5 15. Bxf8 Kxf8 16. Bxf5 exf5 17. Nd6 Be6 18. Qc2 g6 19. h5 Kg7 20. Rab1 Rab8 21. hxg6 fxg6 22. Nd4 Qd7 23. Nxe6+ Qxe6 24. Rxb7+ Rxb7 25. Nxb7 Rc8 26. Nd6 Rc7 27. Qc5 Kh7 28. Rc1 h5 29. Qb6 Qd7 30. Rc5 h4 31. Kh2 Kh6 32. a4 f4 33. Ne4 f3 34. Nf6 Qf5 35. Qxc7 Qf4+ 36. Kg1 fxg2 37. Qh7+ Kg5 38. e6+ Ne5 39. Nd7 Kg4 40. Nxe5+ Kh3 41. Rc3+ Qg3 42. Rxg3# 1-0

[Event "Titled Tuesday intern op 02nd Jan Early"]
[Site "Chess.com INT"]
[Date "2024.01.02"]
[Round "8"]
[White "Postnikov, Daniil"]
[Black "Vlassov, Nikolai"]
[Result "1-0"]
[WhiteElo "2360"]
[BlackElo "2299"]
[PlyCount "73"]
[EventDate "2024.01.02"]
[EventType "swiss (blitz)"]
[EventRounds "11"]
[EventCountry "USA"]
[SourceTitle "EXT 2025"]
[Source "ChessBase"]
[SourceDate "2024.10.14"]
[SourceVersion "1"]
[SourceVersionDate "2024.10.14"]
[SourceQuality "1"]

1. e4 Nc6 2. Nf3 d5 3. exd5 Qxd5 4. Nc3 Qa5 5. Bb5 Bd7 6. 0-0 a6 7. Bc4 Nf6 8. d4 Bg4 9. h3 Bxf3 10. Qxf3 0-0-0 11. Ne2 e6 12. c3 Bd6 13. b4 Qh5 14. Qxh5 Nxh5 15. a4 Rd7 16. b5 Na5 17. Bd3 axb5 18. axb5 b6 19. Bd2 c5 20. bxc6 Nxc6 21. Rfb1 Bc7 22. Ra8+ Nb8 23. c4 Rdd8 24. Bc3 Kd7 25. c5 bxc5 26. dxc5 Ke7 27. Rb7 Rc8 28. Raxb8 Rxb8 29. Rxc7+ Kf8 30. c6 Nf6 31. Bxf6 gxf6 32. Nd4 h5 33. Rd7 Kg7 34. c7 Rbc8 35. Ba6 Kg6 36. Bxc8 Rxc8 37. Nb5 1-0

[Event "Titled Tuesday intern op 03rd Oct Late"]
[Site "Chess.com INT"]
[Date "2023.10.03"]
[Round "4"]
[White "Cieslak, Patryk"]
[Black "Postnikov, Daniil"]
[Result "1-0"]
[WhiteElo "2284"]
[BlackElo "2360"]
[PlyCount "125"]
[EventDate "2023.10.03"]
[EventType "swiss (blitz)"]
[EventRounds "11"]
[EventCountry "USA"]
[SourceTitle "EXT 2025"]
[Source "ChessBase"]
[SourceDate "2024.10.14"]
[SourceVersion "1"]
[SourceVersionDate "2024.10.14"]
[SourceQuality "1"]

1. c4 f5 2. b3 d6 3. Bb2 e5 4. d4 Nc6 5. d5 Nce7 6. e4 fxe4 7. Nc3 Nf6 8. Nge2 Bf5 9. Ng3 g6 10. Qe2 Bh6 11. Ngxe4 Nxe4 12. Nxe4 0-0 13. f3 Bxe4 14. fxe4 c6 15. Bc3 cxd5 16. exd5 Rc8 17. Qd1 Nf5 18. g3 Ne3 19. Qe2 Nxd5 20. Bd2 Bxd2+ 21. Qxd2 Nf6 22. Bh3 Rc6 23. 0-0 Qb6+ 24. Kh1 Qc5 25. Bg2 Rc7 26. Rad1 Ne8 27. Bd5+ Kg7 28. Rxf8 Kxf8 29. Rf1+ Ke7 30. Qg5+ Kd7 31. Qg4+ Kd8 32. Rf8 Re7 33. Kg2 Qe3 34. Qf3 Qd2+ 35. Qf2 Qxf2+ 36. Kxf2 b6 37. Ke3 Kd7 38. Bg2 Nc7 39. Bh3+ Ne6 40. Rh8 Kc7 41. Bg2 Nc5 42. h4 a5 43. Ra8 Nd7 44. Bh3 Nc5 45. Ra7+ Kd8 46. Ra8+ Kc7 47. Rh8 e4 48. Bg4 Rf7 49. h5 gxh5 50. Bxh5 Rg7 51. g4 Kc6 52. Ra8 Kc7 53. Ra7+ Nb7 54. Ra8 Nc5 55. Rf8 Kc6 56. Rf1 b5 57. Be8+ Kb6 58. Bxb5 d5 59. Rf6+ Kc7 60. cxd5 Rxg4 61. Rc6+ Kb7 62. Rxc5 Rg2 63. Bc6+ 1-0

[Event "Titled Tuesday intern op 03rd Oct Late"]
[Site "Chess.com INT"]
[Date "2023.10.03"]
[Round "8"]
[White "Kubatko, Ivan"]
[Black "Postnikov, Daniil"]
[Result "0-1"]
[WhiteElo "2257"]
[BlackElo "2360"]
[PlyCount "72"]
[EventDate "2023.10.03"]
[EventType "swiss (blitz)"]
[EventRounds "11"]
[EventCountry "USA"]
[SourceTitle "EXT 2025"]
[Source "ChessBase"]
[SourceDate "2024.10.14"]
[SourceVersion "1"]
[SourceVersionDate "2024.10.14"]
[SourceQuality "1"]

1. e4 e6 2. d4 d5 3. exd5 exd5 4. Nf3 Nf6 5. c4 Bb4+ 6. Nc3 0-0 7. Bd3 Re8+ 8. Be3 Nc6 9. 0-0 Bg4 10. h3 Bh5 11. a3 Bd6 12. cxd5 Ne7 13. Bg5 Bg6 14. Bxf6 gxf6 15. Re1 Kh8 16. Bxg6 hxg6 17. Qd3 Qd7 18. Re2 Nf5 19. Rae1 Rxe2 20. Qxe2 Kg7 21. Qe4 Ne7 22. h4 Rh8 23. g3 a6 24. Kg2 Rh5 25. Nd2 f5 26. Qf3 f4 27. Nc4 fxg3 28. fxg3 Nf5 29. Ne5 Qd8 30. Rf1 f6 31. Ng4 Bxg3 32. Qe4 Rxh4 33. Qe6 Rxg4 34. Ne4 Be5+ 35. Kh3 Rh4+ 36. Kg2 Rxe4 0-1

[Event "Titled Tuesday intern op 03rd Oct Late"]
[Site "Chess.com INT"]
[Date "2023.10.03"]
[Round "5"]
[White "Postnikov, Daniil"]
[Black "Mesquita, Eduardo Barbosa"]
[Result "1-0"]
[WhiteElo "2360"]
[BlackElo "1979"]
[PlyCount "93"]
[EventDate "2023.10.03"]
[EventType "swiss (blitz)"]
[EventRounds "11"]
[EventCountry "USA"]
[SourceTitle "EXT 2025"]
[Source "ChessBase"]
[SourceDate "2024.10.14"]
[SourceVersion "1"]
[SourceVersionDate "2024.10.14"]
[SourceQuality "1"]

1. e4 c5 2. a3 Nc6 3. b4 cxb4 4. axb4 Nxb4 5. c3 Nc6 6. d4 d5 7. exd5 Qxd5 8. Na3 Nf6 9. Nb5 Qd8 10. d5 Ne5 11. Bf4 Nfd7 12. Nf3 f6 13. Nfd4 Nc5 14. Bxe5 fxe5 15. Qh5+ g6 16. Qxe5 Kf7 17. Bc4 Bg7 18. d6+ Kf8 19. Qxc5 b6 20. dxe7+ Qxe7+ 21. Qxe7+ Kxe7 22. Bd5 a6 23. Bxa8 axb5 24. Ra7+ Bd7 25. Bc6 Rd8 26. 0-0 Kd6 27. Bxd7 Rxd7 28. Nxb5+ Kc6 29. Rxd7 Kxd7 30. Nd4 Kd6 31. Rb1 Kc5 32. Ne6+ Kc4 33. Nxg7 b5 34. g4 g5 35. Ne6 h6 36. f4 gxf4 37. Nxf4 b4 38. Rxb4+ Kxc3 39. Re4 h5 40. g5 h4 41. g6 h3 42. g7 Kd2 43. g8Q Kc3 44. Qc4+ Kb2 45. Re2+ Kb1 46. Qc2+ Ka1 47. Qb2# 1-0

[Event "Titled Tuesday intern op 03rd Oct Late"]
[Site "Chess.com INT"]
[Date "2023.10.03"]
[Round "1"]
[White "Postnikov, Daniil"]
[Black "Teumer, Joerg"]
[Result "1-0"]
[WhiteElo "2360"]
[BlackElo "2148"]
[PlyCount "131"]
[EventDate "2023.10.03"]
[EventType "swiss (blitz)"]
[EventRounds "11"]
[EventCountry "USA"]
[SourceTitle "EXT 2025"]
[Source "ChessBase"]
[SourceDate "2024.10.14"]
[SourceVersion "1"]
[SourceVersionDate "2024.10.14"]
[SourceQuality "1"]

1. e4 d5 2. exd5 Nf6 3. Bb5+ Bd7 4. Bc4 Bg4 5. f3 Bf5 6. g4 Bc8 7. Nc3 c6 8. dxc6 Nxc6 9. Nge2 e6 10. d4 Bb4 11. Bg5 h6 12. Bh4 Qa5 13. a3 Be7 14. Bg3 Nd5 15. b4 Qd8 16. Nxd5 exd5 17. Bd3 Bf6 18. c3 Be6 19. 0-0 0-0 20. Bc2 g6 21. Nf4 Qd7 22. Nxe6 Qxe6 23. Qd2 Kg7 24. Rae1 Qd7 25. h3 Rac8 26. f4 Rfe8 27. f5 g5 28. Qd3 Rxe1 29. Rxe1 Re8 30. Re3 a6 31. Bb3 Re7 32. Rxe7 Nxe7 33. Be5 Nc6 34. Bxf6+ Kxf6 35. Qf3 Ne7 36. Qe3 Qd6 37. h4 Nc6 38. Kg2 b5 39. hxg5+ hxg5 40. Qg3 Qxg3+ 41. Kxg3 Ne7 42. a4 Kg7 43. axb5 axb5 44. Bc2 f6 45. Bd3 Nc8 46. Bxb5 Nd6 47. Bd3 Kf7 48. Kf2 Ke7 49. Ke3 Kd7 50. Kd2 Kc6 51. Kc2 Nf7 52. Kb3 Nh6 53. Be2 Nf7 54. Bf3 Nd6 55. Be2 Ne4 56. Bf3 Nd2+ 57. Kc2 Nxf3 58. Kd3 Nh4 59. c4 dxc4+ 60. Kxc4 Nf3 61. b5+ Kb6 62. Kd5 Kxb5 63. Ke6 Kc6 64. Kxf6 Kd5 65. Kg6 Kxd4 66. f6 1-0

[Event "Titled Tuesday intern op 25th Apr Early"]
[Site "Chess.com INT"]
[Date "2023.04.25"]
[Round "10"]
[White "Karthik, Rajaa"]
[Black "Postnikov, Daniil"]
[Result "1/2-1/2"]
[WhiteElo "2302"]
[BlackElo "2360"]
[PlyCount "90"]
[EventDate "2023.04.25"]
[EventType "swiss (blitz)"]
[EventRounds "11"]
[EventCountry "USA"]
[SourceTitle "EXT 2024"]
[Source "ChessBase"]
[SourceDate "2023.10.10"]
[SourceVersion "1"]
[SourceVersionDate "2023.10.10"]
[SourceQuality "1"]

1. e4 e6 2. Nf3 d5 3. exd5 exd5 4. d4 Bd6 5. c4 Nf6 6. c5 Be7 7. Nc3 0-0 8. Be2 b6 9. cxb6 axb6 10. 0-0 Nbd7 11. Ne5 Bb7 12. Bf3 Re8 13. Re1 c5 14. Be3 Nf8 15. Qb3 c4 16. Qd1 Rb8 17. Qa4 Ra8 18. Nc6 Qd6 19. Nxe7+ Rxe7 20. Qc2 Ng6 21. b3 Rc8 22. Qd2 h6 23. g3 Qb4 24. Rec1 Rce8 25. bxc4 dxc4 26. Bxb7 Rxb7 27. Rab1 Qa3 28. Nb5 Qe7 29. Rxc4 Qd7 30. Qb4 Nd5 31. Qd6 Nxe3 32. fxe3 Rxe3 33. Qxd7 Rxd7 34. Rc8+ Kh7 35. Rc7 Rxc7 36. Nxc7 Rd3 37. d5 Ne5 38. Rxb6 Rd1+ 39. Kf2 Rd2+ 40. Ke1 Nf3+ 41. Kf1 Nxh2+ 42. Kg1 Nf3+ 43. Kf1 Nh2+ 44. Kg1 Nf3+ 45. Kf1 Nh2+ 1/2-1/2

[Event "Titled Tuesday intern op 25th Apr Early"]
[Site "Chess.com INT"]
[Date "2023.04.25"]
[Round "11"]
[White "Postnikov, Daniil"]
[Black "Starozhilov, Leonid"]
[Result "1-0"]
[WhiteElo "2360"]
[BlackElo "2293"]
[PlyCount "41"]
[EventDate "2023.04.25"]
[EventType "swiss (blitz)"]
[EventRounds "11"]
[EventCountry "USA"]
[SourceTitle "EXT 2024"]
[Source "ChessBase"]
[SourceDate "2023.10.10"]
[SourceVersion "1"]
[SourceVersionDate "2023.10.10"]
[SourceQuality "1"]

1. e4 Nc6 2. d4 d6 3. Nc3 Nf6 4. f3 e5 5. Nge2 exd4 6. Nxd4 d5 7. Bb5 Bd7 8. exd5 Nxd4 9. Bxd7+ Qxd7 10. Qxd4 b6 11. Bg5 0-0-0 12. 0-0-0 Bc5 13. Qc4 Qf5 14. Bxf6 gxf6 15. Ne4 Be3+ 16. Kb1 Rhg8 17. d6 c6 18. Qxc6+ Kb8 19. Rd3 Bf4 20. Qc7+ Ka8 21. Ra3 1-0

[Event "Titled Tuesday intern op 11th Apr Early"]
[Site "Chess.com INT"]
[Date "2023.04.11"]
[Round "3"]
[White "Erdogdu, Mert"]
[Black "Postnikov, Daniil"]
[Result "1-0"]
[WhiteElo "2413"]
[BlackElo "2360"]
[PlyCount "109"]
[EventDate "2023.04.11"]
[EventType "swiss (blitz)"]
[EventRounds "11"]
[EventCountry "USA"]
[SourceTitle "CBM 213 Extra"]
[Source "ChessBase"]
[SourceDate "2023.05.31"]
[SourceVersion "1"]
[SourceVersionDate "2023.05.31"]
[SourceQuality "1"]

1. e4 e6 2. d4 d5 3. exd5 exd5 4. c4 Bb4+ 5. Nc3 Ne7 6. Bd3 dxc4 7. Bxc4 Nbc6 8. Nf3 0-0 9. h3 Bf5 10. 0-0 h6 11. a3 Bd6 12. Be3 a6 13. Qd2 Qd7 14. Bxh6 gxh6 15. Qxh6 Bg6 16. Nh4 Bh7 17. Rfe1 Nf5 18. Nxf5 Qxf5 19. Re4 Ne7 20. Rg4+ Ng6 21. Ne4 Bf4 22. Ng5 Bxg5 23. Rxg5 Qe4 24. Bd5 Qxd4 25. Rxg6+ Bxg6 26. Qxg6+ Qg7 27. Qc2 c6 28. Bf3 Rad8 29. Rc1 Qg5 30. Qc4 Rfe8 31. h4 Qd2 32. Qg4+ Kf8 33. Rc5 Rd4 34. Qh5 Re1+ 35. Kh2 Ke7 36. Re5+ Rxe5 37. Qxe5+ Kd8 38. Qb8+ Ke7 39. Qxb7+ Kf6 40. Qxc6+ Kg7 41. Qc3 Qxc3 42. bxc3 Rxh4+ 43. Kg3 Ra4 44. Bd5 Rxa3 45. Kf4 a5 46. c4 a4 47. Ke5 Ra2 48. c5 Rxf2 49. c6 Rc2 50. Kd6 a3 51. c7 Kf6 52. Kd7 Kg5 53. Bxf7 Kg4 54. Bd5 Kg3 55. Bc6 1-0

[Event "Titled Tuesday intern op 11th Apr Early"]
[Site "Chess.com INT"]
[Date "2023.04.11"]
[Round "1"]
[White "Lakshmi, Chidambaram"]
[Black "Postnikov, Daniil"]
[Result "0-1"]
[WhiteElo "1928"]
[BlackElo "2360"]
[PlyCount "50"]
[EventDate "2023.04.11"]
[EventType "swiss (blitz)"]
[EventRounds "11"]
[EventCountry "USA"]
[SourceTitle "CBM 213 Extra"]
[Source "ChessBase"]
[SourceDate "2023.05.31"]
[SourceVersion "1"]
[SourceVersionDate "2023.05.31"]
[SourceQuality "1"]

1. e4 e6 2. d4 d5 3. Nc3 Nf6 4. e5 Nfd7 5. f4 c5 6. Nf3 Nc6 7. Be3 a6 8. Qd2 b5 9. dxc5 Bxc5 10. 0-0-0 Bb7 11. Qf2 Qb6 12. Bxc5 Nxc5 13. Qe1 b4 14. Ne2 Rc8 15. Kb1 a5 16. Ned4 Nxd4 17. Nxd4 0-0 18. Nb5 Na4 19. b3 Nc3+ 20. Nxc3 bxc3 21. a3 d4 22. Bd3 Bd5 23. Ka2 a4 24. Rb1 axb3+ 25. cxb3 c2 0-1

[Event "Titled Tuesday intern op 04th Apr Late"]
[Site "Chess.com INT"]
[Date "2023.04.04"]
[Round "4"]
[White "Moroni, Luca Jr"]
[Black "Postnikov, Daniil"]
[Result "0-1"]
[WhiteElo "2565"]
[BlackElo "2360"]
[PlyCount "66"]
[EventDate "2023.04.04"]
[EventType "swiss (blitz)"]
[EventRounds "11"]
[EventCountry "USA"]
[SourceTitle "EXT 2024"]
[Source "ChessBase"]
[SourceDate "2023.10.10"]
[SourceVersion "1"]
[SourceVersionDate "2023.10.10"]
[SourceQuality "1"]

1. d4 f5 2. Nf3 Nf6 3. g3 g6 4. Bg2 Bg7 5. b3 0-0 6. Bb2 d6 7. 0-0 Qe8 8. c4 Na6 9. Nbd2 Bd7 10. a3 c6 11. Qc2 h6 12. Rae1 Qf7 13. e4 fxe4 14. Nxe4 Bf5 15. Nh4 Nxe4 16. Bxe4 e6 17. Nxf5 exf5 18. Bg2 Rae8 19. b4 Nc7 20. a4 d5 21. b5 Rxe1 22. Rxe1 f4 23. bxc6 bxc6 24. cxd5 fxg3 25. hxg3 Nxd5 26. Re2 Qf6 27. Qe4 Kh7 28. Kh2 h5 29. Ba1 Rf7 30. Rc2 Re7 31. Qf3 Qg5 32. Rxc6 Nf6 33. Bh3 Re1 0-1

[Event "Titled Tuesday intern op 28th Mar Early"]
[Site "Chess.com INT"]
[Date "2023.03.28"]
[Round "3"]
[White "Manon Og, Ramon Jr"]
[Black "Postnikov, Daniil"]
[Result "1-0"]
[WhiteElo "1999"]
[BlackElo "2360"]
[PlyCount "119"]
[EventDate "2023.03.28"]
[EventType "swiss (blitz)"]
[EventRounds "11"]
[EventCountry "USA"]
[SourceTitle "EXT 2024"]
[Source "ChessBase"]
[SourceDate "2023.10.10"]
[SourceVersion "1"]
[SourceVersionDate "2023.10.10"]
[SourceQuality "1"]

1. e4 e6 2. d4 d5 3. Nd2 c5 4. Ngf3 cxd4 5. Nxd4 Nc6 6. Bb5 Bd7 7. Nxc6 Bxc6 8. Bd3 dxe4 9. Nxe4 Nf6 10. Nxf6+ Qxf6 11. 0-0 Bc5 12. Qe2 0-0 13. Bxh7+ Kxh7 14. Qh5+ Kg8 15. Qxc5 Rac8 16. Qxa7 Qg6 17. f3 Qxc2 18. Qf2 Bd5 19. Be3 b5 20. Bd4 Qxf2+ 21. Rxf2 Rc4 22. Rd2 Rfc8 23. b3 Rc2 24. Rxc2 Rxc2 25. a4 bxa4 26. bxa4 Ra2 27. a5 Rxa1+ 28. Bxa1 f6 29. a6 e5 30. Bc3 Kf7 31. Bb4 Ke6 32. Kf2 g6 33. h4 f5 34. g4 e4 35. fxe4 Bxe4 36. Ke3 Ba8 37. g5 Kd5 38. Kf4 Ke6 39. a7 Bc6 40. Bc3 Ba8 41. Ke3 Kd5 42. Kd3 Bb7 43. Ke3 Ba8 44. Kf4 Ke6 45. Kg3 Bb7 46. h5 gxh5 47. Kh4 Bf3 48. g6 f4 49. Kg5 Be4 50. Kxf4 Ba8 51. Kg5 Bf3 52. Kh4 Ke7 53. Kg5 Kf8 54. Be5 Kg8 55. Kh6 Bb7 56. Kxh5 Be4 57. Kg5 Bb7 58. Kf6 Be4 59. Ke7 Bd3 60. a8Q# 1-0

[Event "Titled Tuesday intern op 27th Dec Early"]
[Site "Chess.com INT"]
[Date "2022.12.27"]
[Round "3"]
[White "Postnikov, Daniil"]
[Black "Peatman, Carter F"]
[Result "1-0"]
[WhiteElo "2360"]
[BlackElo "1976"]
[PlyCount "77"]
[EventDate "2022.12.27"]
[EventType "swiss (blitz)"]
[EventRounds "11"]
[EventCountry "USA"]
[SourceTitle "EXT 2024"]
[Source "ChessBase"]
[SourceDate "2023.10.10"]
[SourceVersion "1"]
[SourceVersionDate "2023.10.10"]
[SourceQuality "1"]

1. e4 e5 2. f4 d5 3. exd5 exf4 4. Nf3 Nf6 5. c4 c6 6. d4 cxd5 7. c5 Nc6 8. Nc3 Ne4 9. Bxf4 a6 10. Bd3 Nxc3 11. bxc3 Be7 12. 0-0 0-0 13. Ne5 Bf6 14. Nxc6 bxc6 15. Qh5 g6 16. Qf3 Bg7 17. Bd6 Be6 18. Bxf8 Bxf8 19. Rab1 Qa5 20. Be2 Be7 21. Rb7 Re8 22. Ra7 Qxa2 23. Rxa6 Qd2 24. Rxc6 Rf8 25. g4 Qg5 26. h3 h5 27. Kf2 Qh4+ 28. Kg2 Qg5 29. Qg3 hxg4 30. Bxg4 Bxg4 31. hxg4 Qd2+ 32. Rf2 Qg5 33. Qf4 Qh4 34. Rc7 Bg5 35. Qf3 Bh6 36. Rxf7 Qd8 37. Rxf8+ Bxf8 38. c6 Kh8 39. Qxf8+ 1-0

[Event "Titled Tuesday intern op 27th Dec Early"]
[Site "Chess.com INT"]
[Date "2022.12.27"]
[Round "2"]
[White "Postnikov, Daniil"]
[Black "Sovetbekova, Nurai"]
[Result "1-0"]
[WhiteElo "2360"]
[BlackElo "2011"]
[PlyCount "79"]
[EventDate "2022.12.27"]
[EventType "swiss (blitz)"]
[EventRounds "11"]
[EventCountry "USA"]
[SourceTitle "EXT 2024"]
[Source "ChessBase"]
[SourceDate "2023.10.10"]
[SourceVersion "1"]
[SourceVersionDate "2023.10.10"]
[SourceQuality "1"]

1. e4 c5 2. b4 cxb4 3. a3 e5 4. Bb2 Nc6 5. Nf3 Qc7 6. Bc4 Be7 7. 0-0 Nf6 8. d3 0-0 9. axb4 Bxb4 10. Nc3 d6 11. Nd5 Nxd5 12. Bxd5 Bg4 13. h3 Bh5 14. g4 Bg6 15. Nh4 Ne7 16. Bb3 Bc3 17. Bxc3 Qxc3 18. Nf5 Bxf5 19. gxf5 Kh8 20. Kh1 d5 21. f6 gxf6 22. Qf3 f5 23. exd5 e4 24. Qe3 Qe5 25. f4 Qd6 26. Rg1 f6 27. dxe4 fxe4 28. Qxe4 Ng6 29. Raf1 Rae8 30. Qf3 a5 31. c4 b6 32. Bc2 Qc5 33. Bxg6 hxg6 34. Rxg6 Rf7 35. Rh6+ Rh7 36. Rxh7+ Kxh7 37. Qh5+ Kg7 38. Qxe8 Qe3 39. Rg1+ Kh6 40. Qg6# 1-0

[Event "Titled Tuesday intern op 27th Dec Early"]
[Site "Chess.com INT"]
[Date "2022.12.27"]
[Round "1"]
[White "Rengifo Blancas, Renzo Jhonathan"]
[Black "Postnikov, Daniil"]
[Result "1-0"]
[WhiteElo "2131"]
[BlackElo "2360"]
[PlyCount "97"]
[EventDate "2022.12.27"]
[EventType "swiss (blitz)"]
[EventRounds "11"]
[EventCountry "USA"]
[SourceTitle "EXT 2024"]
[Source "ChessBase"]
[SourceDate "2023.10.10"]
[SourceVersion "1"]
[SourceVersionDate "2023.10.10"]
[SourceQuality "1"]

1. d4 f5 2. Nc3 Nf6 3. e4 fxe4 4. f3 d5 5. Bg5 Bf5 6. Nge2 exf3 7. Ng3 Qd7 8. Bxf6 exf6 9. Qxf3 c6 10. Qxf5 Qe7+ 11. Be2 Nd7 12. 0-0-0 0-0-0 13. Rhe1 Qb4 14. Bg4 Kb8 15. a3 Qa5 16. Qf4+ Ka8 17. Bxd7 Rxd7 18. Re8+ Rd8 19. Rxd8+ Qxd8 20. Nf5 g6 21. Ne3 Bd6 22. Qf3 Re8 23. Kb1 f5 24. g3 Qa5 25. Ng2 b5 26. Na2 Re4 27. Qc3 Qc7 28. Nb4 Kb7 29. Nd3 Qe7 30. Ngf4 g5 31. Nh3 h6 32. Nhf2 Re2 33. Re1 f4 34. gxf4 gxf4 35. Ne5 Rxe1+ 36. Qxe1 Qh4 37. Nf3 Qh5 38. Qe2 Bc7 39. b3 a6 40. Kb2 Bd6 41. Nd3 Qf5 42. Nde5 Qf8 43. b4 a5 44. c3 a4 45. Nd3 Qf7 46. Nc5+ Kc7 47. Ne5 Qg8 48. Qf3 Qg5 49. Ne6+ 1-0

[Event "Titled Tuesday intern op 13th Dec Late"]
[Site "Chess.com INT"]
[Date "2022.12.13"]
[Round "1"]
[White "Passen, Brett"]
[Black "Postnikov, Daniil"]
[Result "1/2-1/2"]
[WhiteElo "1921"]
[BlackElo "2360"]
[PlyCount "45"]
[EventDate "2022.12.13"]
[EventType "swiss (blitz)"]
[EventRounds "11"]
[EventCountry "USA"]
[SourceTitle "EXT 2024"]
[Source "ChessBase"]
[SourceDate "2023.10.10"]
[SourceVersion "1"]
[SourceVersionDate "2023.10.10"]
[SourceQuality "1"]

1. c4 e6 2. Nc3 d5 3. d4 dxc4 4. e3 b6 5. Bxc4 Bb7 6. Nf3 Nd7 7. 0-0 Ngf6 8. Qc2 a6 9. e4 b5 10. Bd3 c5 11. d5 exd5 12. Nxd5 Nxd5 13. exd5 Bxd5 14. Re1+ Be7 15. Bg5 f6 16. Bxh7 Bxf3 17. Qg6+ Kf8 18. Bh6 gxh6 19. Qxh6+ Kf7 20. Qg6+ Kf8 21. Qh6+ Kf7 22. Qg6+ Kf8 23. Qh6+ 1/2-1/2

[Event "Titled Tuesday intern op 13th Dec Early"]
[Site "Chess.com INT"]
[Date "2022.12.13"]
[Round "3"]
[White "Postnikov, Daniil"]
[Black "Baches Garcia, Guillermo"]
[Result "1/2-1/2"]
[WhiteElo "2360"]
[BlackElo "2326"]
[PlyCount "108"]
[EventDate "2022.12.13"]
[EventType "swiss (blitz)"]
[EventRounds "11"]
[EventCountry "USA"]
[SourceTitle "EXT 2024"]
[Source "ChessBase"]
[SourceDate "2023.10.10"]
[SourceVersion "1"]
[SourceVersionDate "2023.10.10"]
[SourceQuality "1"]

1. e4 c5 2. a3 g6 3. h4 h5 4. Bc4 Bg7 5. Nf3 Nc6 6. Nc3 Nf6 7. d3 d6 8. Ng5 0-0 9. Ba2 Nd4 10. Ne2 Ne6 11. Nxe6 Bxe6 12. Bxe6 fxe6 13. Nf4 Kf7 14. f3 Qd7 15. Qe2 e5 16. Nh3 Kg8 17. Be3 b5 18. Ng5 Nh7 19. Nxh7 Kxh7 20. g4 Rf7 21. gxh5 gxh5 22. Rg1 Qh3 23. 0-0-0 Qxf3 24. Qd2 Raf8 25. Kb1 a5 26. Rg5 Bh6 27. Rc1 Bxg5 28. Bxg5 b4 29. a4 Qg4 30. Be3 Rf1 31. Ka2 Qe6+ 32. b3 Rxc1 33. Qxc1 Qg4 34. Qe1 Rf3 35. Bc1 Qg2 36. Kb1 Qf2 37. Qd1 Qf1 38. Qd2 Rf4 39. Kb2 Kg6 40. Qh2 Rf2 41. Qg3+ Kh7 42. Qg5 Qxd3 43. Qxe7+ Kg8 44. Qe8+ Kg7 45. Qe7+ Kg8 46. Qe8+ Kg7 47. Qd7+ Kg8 48. Qd8+ Kg7 49. Qg5+ Kf8 50. Qh6+ Kg8 51. Qg6+ Kh8 52. Qxh5+ Kg8 53. Qg6+ Kh8 54. Qe8+ Kg7 1/2-1/2

[Event "Titled Tuesday intern op 13th Dec Early"]
[Site "Chess.com INT"]
[Date "2022.12.13"]
[Round "1"]
[White "Postnikov, Daniil"]
[Black "Szyszylo, Rafal"]
[Result "1-0"]
[WhiteElo "2360"]
[BlackElo "2087"]
[PlyCount "41"]
[EventDate "2022.12.13"]
[EventType "swiss (blitz)"]
[EventRounds "11"]
[EventCountry "USA"]
[SourceTitle "EXT 2024"]
[Source "ChessBase"]
[SourceDate "2023.10.10"]
[SourceVersion "1"]
[SourceVersionDate "2023.10.10"]
[SourceQuality "1"]

1. e4 d6 2. d4 Nf6 3. Nc3 g6 4. Nf3 Bg7 5. Be3 c6 6. Qd2 b5 7. Bd3 a6 8. a4 Bb7 9. Ne2 0-0 10. Ng3 Nbd7 11. Bh6 e5 12. c3 Qe7 13. Nf5 gxf5 14. Qg5 Ne8 15. Qxe7 Bxh6 16. Qxd7 Rb8 17. dxe5 fxe4 18. Bxe4 d5 19. Bd3 Ng7 20. Qh3 Bf4 21. Qxh7# 1-0